Eastern Utah Libraries Catalog: Duchesne, Heber, Roosevelt, & Vernal

Peril in the palace / (Record no. 235323)

MARC details
000 -LEADER
fixed length control field 01622cam a2200409 a 4500
001 - CONTROL NUMBER
control field BK0009577119
003 - CONTROL NUMBER IDENTIFIER
control field DLC
005 - DATE AND TIME OF LATEST TRANSACTION
control field 20180803162323.0
008 - FIXED-LENGTH DATA ELEMENTS--GENERAL INFORMATION
fixed length control field 110201s2011 ilua b 000 1 eng d
010 ## - LIBRARY OF CONGRESS CONTROL NUMBER
LC control number 2010054586
020 ## - INTERNATIONAL STANDARD BOOK NUMBER
International Standard Book Number 9781589976290 : PAP
Terms of availability 4.99
020 ## - INTERNATIONAL STANDARD BOOK NUMBER
International Standard Book Number 1589976290 : PAP
Terms of availability 4.99
037 ## - SOURCE OF ACQUISITION
Source of stock number/acquisition Tyndale House Pub, Attn Sharon Heggeland Po Box 80, Wheaton, IL, USA, 60189, (630)6688300, 5289
Note SAN 206-7749
040 ## - CATALOGING SOURCE
Original cataloging agency DLC
Transcribing agency DLC
Modifying agency DLC
050 00 - LIBRARY OF CONGRESS CALL NUMBER
Classification number PZ7.H431258
Item number Per 2011
082 00 - DEWEY DECIMAL CLASSIFICATION NUMBER
Classification number [Fic]
Edition number 22
092 ## - LOCALLY ASSIGNED DEWEY CALL NUMBER (OCLC)
Classification number FIC
100 1# - MAIN ENTRY--PERSONAL NAME
Personal name Hering, Marianne.
245 10 - TITLE STATEMENT
Title Peril in the palace /
Statement of responsibility, etc Marianne Hering [and] Paul McCusker ; illustrated by David Hohn.
250 ## - EDITION STATEMENT
Edition statement 1st ed.
260 ## - PUBLICATION, DISTRIBUTION, ETC. (IMPRINT)
Place of publication, distribution, etc Carol Stream, Ill. :
Name of publisher, distributor, etc Tyndale House,
Date of publication, distribution, etc c2011.
300 ## - PHYSICAL DESCRIPTION
Extent 119 p. :
Other physical details ill. ;
Dimensions 21 cm.
490 0# - SERIES STATEMENT
Series statement Imagination Station ;
Volume number/sequential designation bk. #3
500 ## - GENERAL NOTE
General note At head of title: Focus on the Family presents The Imagination Station.
521 1# - TARGET AUDIENCE NOTE
Target audience note Ages 7 and up.
521 ## - TARGET AUDIENCE NOTE
Target audience note Fiesch-Kincaid grade level: 2.1.
520 ## - SUMMARY, ETC.
Summary, etc Cousins Patrick and Beth travel in Mr. Whittaker's invention, the Imagination Station, to thirteenth-century China, where they meet Marco Polo and Kublai Khan and are mistaken for Christian shamans.
650 #1 - SUBJECT ADDED ENTRY--TOPICAL TERM
Topical term or geographic name as entry element Space and time
Form subdivision Fiction.
650 #1 - SUBJECT ADDED ENTRY--TOPICAL TERM
Topical term or geographic name as entry element Mongols
Form subdivision Fiction.
600 11 - SUBJECT ADDED ENTRY--PERSONAL NAME
Personal name Polo, Marco,
Dates associated with a name 1254-1323?
Form subdivision Fiction.
600 01 - SUBJECT ADDED ENTRY--PERSONAL NAME
Personal name Kublai Khan,
Dates associated with a name 1216-1294
Form subdivision Fiction.
650 #1 - SUBJECT ADDED ENTRY--TOPICAL TERM
Topical term or geographic name as entry element Cousins
Form subdivision Fiction.
650 #1 - SUBJECT ADDED ENTRY--TOPICAL TERM
Topical term or geographic name as entry element Christian life
Form subdivision Fiction.
651 #1 - SUBJECT ADDED ENTRY--GEOGRAPHIC NAME
Geographic name China
General subdivision History
Chronological subdivision Y�uan dynasty, 1260-1368
Form subdivision Fiction.
700 1# - ADDED ENTRY--PERSONAL NAME
Personal name McCusker, Paul,
Dates associated with a name 1958-
700 1# - ADDED ENTRY--PERSONAL NAME
Personal name Hohn, David,
Dates associated with a name 1974-
Relator term ill.
Holdings
Withdrawn status Lost status Source of classification or shelving scheme Damaged status Not for loan Collection code Home library Current library Shelving location Date acquired Source of acquisition Serial Enumeration / chronology Total Checkouts Total Renewals Full call number Barcode Date last seen Date checked out Cost, replacement price Price effective from Koha item type
    Dewey Decimal Classification     Junior Fiction Wasatch County Library Wasatch County Library Main Floor Junior Area 05/12/2020 Baker & Taylor #3 8 7 J Hering 34301001638107 03/03/2025 02/19/2025 4.99 05/12/2020 BOOK
This project was made possible through a grant from the Institute of Museum and Library Service administered by the Utah State Library Division.

Wasatch County Library

  • 465 East 1200 South, Heber City, Utah 84032
  • Phone 435-654-1511 | Fax 435-654-6456

Hours

  • Monday - Friday 9:30 AM - 8:00 PM
  • Saturday 9:30 AM - 1:30 PM
  • Closed Sundays and Holidays